| 000 | 00440nam a2200145Ia 4500 | ||
|---|---|---|---|
| 008 | 231129s1988||||xx |||||||||||||| ||spa|| | ||
| 020 | _a958-643-021-1 | ||
| 040 | _bspa | ||
| 082 | _a327.0987 S231 | ||
| 100 | _aSantander Francisco de Paula | ||
| 245 | 0 | _aSantander y los sucesos politicos de Venezuela 1826 | |
| 260 | _c1988 | ||
| 264 | _aFundacion Francisco de Paula Santander | ||
| 942 |
_2ddc _cBKS |
||
| 999 |
_c24341 _d24341 |
||